000 00353nam a2200133Ia 4500
005 20260328104245.0
008 260328s9999||||xx |||||||||||||| ||und||
100 _aMarco Dorta, Enrique
245 0 _aLa Arquitetura Barroca en el Perú /
_cEnrique Marco Dorta
260 _bInstituto Diego Velasquez
300 _a47 p.
650 _aPERÚ
942 _cBK
999 _c10031
_d10031